00332nam a22001457a 450000500170000002000180001704100120003508200160004710000190006324500540008225000070013626000240014330000080016736500110017520260616120101.0 a9788198663610 aEnglish aT10 R25 IRU aIrudayaraj S J aSunamikkup Pinthaya Nagai Mavatta Meenavar Vazhvu a01 aChennaibNCBHc2025 a326 b265.00